[Event "Belgrade-chT Quality"]
[Site "Belgrade"]
[Date "2022.10.02"]
[Round "2.3"]
[White "Kisic, Jovan"]
[Black "Mihic, Bojan"]
[Result "0-1"]
[WhiteElo "2073"]
[BlackElo "2307"]
[PlyCount "74"]
[EventDate "2022.10.01"]
[EventType "team-tourn"]
[EventRounds "11"]
[EventCountry "SRB"]
[SourceTitle "CBM 210 Extra"]
[Source "ChessBase"]
[SourceDate "2022.11.30"]
[SourceVersion "1"]
[SourceVersionDate "2022.11.30"]
[SourceQuality "1"]
[WhiteTeam "Belgrade Itaka"]
[BlackTeam "Belgrade Radnicki"]
[WhiteTeamCountry "SRB"]
[BlackTeamCountry "SRB"]

1. Nf3 d5 2. d4 Nf6 3. g3 c6 4. Bg2 Bf5 5. c3 h6 6. 0-0 e6 7. a4 Nbd7 8. a5 Bxb1 9. Rxb1 Qxa5 10. b4 Qc7 11. Qb3 b5 12. Ra1 Bd6 13. Nd2 0-0 14. f4 a5 15. Bb2 axb4 16. cxb4 Nb6 17. Bc3 Rxa1 18. Rxa1 Ra8 19. Re1 Nc4 20. Qc2 Ra3 21. Nxc4 bxc4 22. Rb1 Qa7 23. h3 Nh5 24. e3 Nxg3 25. Kf2 Nf5 26. Rb2 Qe7 27. Qc1 Qh4+ 28. Kg1 Rb3 29. Be1 Qh5 30. Bf2 Rxb2 31. Qxb2 Qd1+ 32. Bf1 Qb3 33. Qxb3 cxb3 34. Bd3 Bxb4 35. Kf1 Nd6 36. Ke2 Nc4 37. Kd1 Na3 0-1

[Event "SRB-chT Premier"]
[Site "Vrnjacka Banja"]
[Date "2021.09.16"]
[Round "11.4"]
[White "Kisic, Jovan"]
[Black "Bodiroga, Predrag"]
[Result "0-1"]
[WhiteElo "2060"]
[BlackElo "2311"]
[PlyCount "78"]
[EventDate "2021.09.07"]
[EventType "team-tourn"]
[EventRounds "11"]
[EventCountry "SRB"]
[SourceTitle "CBM 204 Extra"]
[Source "ChessBase"]
[SourceDate "2021.11.30"]
[SourceVersion "1"]
[SourceVersionDate "2021.11.30"]
[SourceQuality "1"]
[WhiteTeam "Belgrade Itaka"]
[BlackTeam "Elemir Naftagas"]
[WhiteTeamCountry "SRB"]
[BlackTeamCountry "SRB"]

1. e4 c6 2. d4 d5 3. Nc3 dxe4 4. Nxe4 Bf5 5. Ng3 Bg6 6. h4 h6 7. Nf3 Nd7 8. h5 Bh7 9. Bd3 Bxd3 10. Qxd3 Ngf6 11. Bd2 e6 12. 0-0-0 Be7 13. Kb1 0-0 14. Ne4 Nxe4 15. Qxe4 Nf6 16. Qe2 Qd5 17. Rdg1 c5 18. dxc5 Qe4 19. Be3 Nd5 20. Qd3 Qxd3 21. cxd3 Nxe3 22. fxe3 Bxc5 23. d4 Bd6 24. g4 f6 25. Rc1 Rac8 26. Rxc8 Rxc8 27. Rc1 Rd8 28. Kc2 Kf7 29. Kd3 g6 30. hxg6+ Kxg6 31. e4 Bf4 32. Rc2 Kf7 33. e5 Bxe5 34. Ke4 Bb8 35. Rg2 Rg8 36. Rg1 Rxg4+ 37. Rxg4 f5+ 38. Ke3 fxg4 39. Ne1 h5 0-1

[Event "SRB-chT Premier"]
[Site "Vrnjacka Banja"]
[Date "2021.09.14"]
[Round "9.3"]
[White "Kisic, Jovan"]
[Black "Vratonjic, Slobodan"]
[Result "0-1"]
[WhiteElo "2060"]
[BlackElo "2281"]
[PlyCount "88"]
[EventDate "2021.09.07"]
[EventType "team-tourn"]
[EventRounds "11"]
[EventCountry "SRB"]
[SourceTitle "CBM 204 Extra"]
[Source "ChessBase"]
[SourceDate "2021.11.30"]
[SourceVersion "1"]
[SourceVersionDate "2021.11.30"]
[SourceQuality "1"]
[WhiteTeam "Belgrade Itaka"]
[BlackTeam "Kac Jugovic"]
[WhiteTeamCountry "SRB"]
[BlackTeamCountry "SRB"]

1. d4 Nf6 2. c4 e6 3. Nc3 Bb4 4. Qc2 0-0 5. Nf3 c5 6. dxc5 Na6 7. Be3 Nxc5 8. Bxc5 Bxc5 9. e3 b6 10. Be2 Bb7 11. 0-0 Be7 12. e4 d6 13. Rfd1 Qc7 14. Qd3 a6 15. Qe3 Rfd8 16. Rac1 Ng4 17. Qf4 Ne5 18. b3 h6 19. Qg3 Bf6 20. Ne1 Qc5 21. Rc2 Qa5 22. Qe3 Ng6 23. Nf3 Qc5 24. Rd3 Rac8 25. a4 d5 26. Qxc5 Rxc5 27. exd5 exd5 28. Rd1 Nf4 29. g3 Nxe2+ 30. Nxe2 dxc4 31. Rxd8+ Bxd8 32. Nd2 cxb3 33. Rxc5 bxc5 34. Nxb3 c4 35. Nd2 Bc6 36. Nxc4 Bxa4 37. Nc3 Bb3 38. Nd6 a5 39. Nde4 Be7 40. Nd2 Be6 41. Ndb1 Bb4 42. Nb5 Bf5 43. N1a3 Bd3 44. f3 a4 0-1

[Event "SRB-chT Premier"]
[Site "Vrnjacka Banja"]
[Date "2021.09.07"]
[Round "1.3"]
[White "Zajic, Milan"]
[Black "Kisic, Jovan"]
[Result "1/2-1/2"]
[WhiteElo "2458"]
[BlackElo "2060"]
[PlyCount "97"]
[EventDate "2021.09.07"]
[EventType "team-tourn"]
[EventRounds "11"]
[EventCountry "SRB"]
[SourceTitle "CBM 204 Extra"]
[Source "ChessBase"]
[SourceDate "2021.11.30"]
[SourceVersion "1"]
[SourceVersionDate "2021.11.30"]
[SourceQuality "1"]
[WhiteTeam "Goracici Jelica"]
[BlackTeam "Belgrade Itaka"]
[WhiteTeamCountry "SRB"]
[BlackTeamCountry "SRB"]

1. d4 Nf6 2. c4 c5 3. d5 b5 4. Nd2 d6 5. e4 bxc4 6. Bxc4 g6 7. b3 Bg7 8. Bb2 0-0 9. Ngf3 Nbd7 10. 0-0 Nb6 11. Qc2 Rb8 12. Rab1 Bd7 13. Rfe1 h6 14. h3 Qc8 15. Bf1 Re8 16. Rbd1 Qb7 17. Nc4 Rbd8 18. Rd2 Kh7 19. Bc3 Nxc4 20. Bxc4 e5 21. dxe6 Bxe6 22. e5 Bf5 23. Qb2 dxe5 24. Rxd8 Rxd8 25. Bxe5 Nh5 26. Bxg7 Nxg7 27. Qf6 Rd7 28. Qc3 Qc7 29. Ne5 Re7 30. Re3 Bc8 31. Ng4 Bxg4 32. hxg4 Rd7 33. Qe5 Rd1+ 34. Kh2 Qc8 35. Re4 Qd8 36. Qe7 Qb8+ 37. Qe5 Qd8 38. Qe7 Qb8+ 39. g3 f5 40. gxf5 gxf5 41. Re1 Rd2 42. Re2 Rxe2 43. Qxe2 Qd6 44. Qf3 h5 45. Qa8 h4 46. Bg8+ Kg6 47. Kh3 hxg3 48. fxg3 Nh5 49. Qe8+ 1/2-1/2

[Event "Wch FIDE Online U10 Europe qual"]
[Site "Tornelo INT"]
[Date "2020.12.08"]
[Round "5"]
[White "Gorkov, Kirill"]
[Black "Kisic, Jovan"]
[Result "0-1"]
[WhiteElo "1142"]
[BlackElo "1708"]
[PlyCount "172"]
[EventDate "2020.12.07"]
[EventType "swiss (rapid)"]
[EventRounds "7"]
[EventCountry "ISS"]
[SourceTitle "EXT 2022"]
[Source "ChessBase"]
[SourceDate "2021.10.06"]
[SourceVersion "1"]
[SourceVersionDate "2021.10.06"]
[SourceQuality "1"]

1. f4 d5 2. Nf3 Nc6 3. e3 Nf6 4. b3 Bf5 5. Bb2 e6 6. Be2 Be7 7. 0-0 Qd7 8. Ne5 Nxe5 9. fxe5 Ne4 10. d3 Nc5 11. Bg4 Bg6 12. Nd2 0-0-0 13. d4 Na6 14. c4 dxc4 15. bxc4 h5 16. Bf3 Bg5 17. Kh1 c6 18. e4 Kb8 19. d5 cxd5 20. cxd5 exd5 21. exd5 Qb5 22. Nb3 Nb4 23. Nd4 Qc4 24. Qb3 Qxb3 25. axb3 Nxd5 26. Bxd5 Rxd5 27. e6 fxe6 28. Nxe6 Bc2 29. b4 Bd2 30. Rf2 Bb3 31. Nxg7 Rg8 32. Ne6 Be3 33. Re2 Bb6 34. Nf4 Rf5 35. Nd3 Rgf8 36. Ree1 Bc4 37. Ne5 Bb5 38. Nf3 a6 39. Re5 Rxe5 40. Bxe5+ Ka7 41. Re1 Bc6 42. Rf1 Re8 43. Bf4 Rf8 44. Bd2 Rf5 45. h3 Bb5 46. Re1 Rd5 47. Bf4 Rf5 48. Bg3 Bc6 49. Rf1 a5 50. bxa5 Bxa5 51. Ra1 Bxf3 52. gxf3 Ka6 53. Kg2 Rb5 54. Bc7 b6 55. Bg3 Rg5 56. h4 Rg6 57. Kh3 Kb7 58. Bf4 Rf6 59. Ra4 Kc6 60. Kg3 Be1+ 61. Kh3 b5 62. Re4 b4 63. Rxe1 Rxf4 64. Kg3 Rf5 65. Re4 Rb5 66. Re1 b3 67. Rb1 Kc5 68. Kf2 Kc4 69. Ke2 Rd5 70. Rc1+ Kb4 71. f4 Ka3 72. Rc3 Ka2 73. f5 Rxf5 74. Rc1 b2 75. Rc2 Kb3 76. Rxb2+ Kxb2 77. Ke3 Rb5 78. Ke4 Kc2 79. Kf4 Kd2 80. Kf3 Rb4 81. Kg3 Rg4+ 82. Kh3 Ke3 83. Kh2 Kf2 84. Kh3 Ra4 85. Kh2 Ra1 86. Kh3 Rh1# 0-1

[Event "Wch FIDE Online U10 Europe qual"]
[Site "Tornelo INT"]
[Date "2020.12.08"]
[Round "3"]
[White "Onodi, Miklos"]
[Black "Kisic, Jovan"]
[Result "1/2-1/2"]
[WhiteElo "1449"]
[BlackElo "1708"]
[PlyCount "82"]
[EventDate "2020.12.07"]
[EventType "swiss (rapid)"]
[EventRounds "7"]
[EventCountry "ISS"]
[SourceTitle "EXT 2022"]
[Source "ChessBase"]
[SourceDate "2021.10.06"]
[SourceVersion "1"]
[SourceVersionDate "2021.10.06"]
[SourceQuality "1"]

1. d4 Nf6 2. Nf3 e6 3. Bf4 Be7 4. e3 b6 5. h3 Bb7 6. Nbd2 d6 7. Bd3 Nbd7 8. 0-0 0-0 9. a4 c5 10. a5 bxa5 11. Nc4 Nb6 12. Nxa5 Be4 13. Bxe4 Nxe4 14. Nc6 Qd7 15. Nxe7+ Qxe7 16. c3 c4 17. Qc2 d5 18. Ne5 f6 19. Nc6 Qd7 20. Na5 Rfe8 21. f3 Nd6 22. Bxd6 Qxd6 23. Nb7 Qc7 24. Nc5 Nd7 25. Nxd7 Qxd7 26. e4 Reb8 27. Rfb1 Rb7 28. b4 cxb3 29. Rxb3 Rab8 30. Rab1 Qa4 31. Rxb7 Qxc2 32. Rxb8+ Kf7 33. R1b7+ Kg6 34. Rg8 Qc1+ 35. Kf2 Qd2+ 36. Kg3 Qg5+ 37. Kh2 Qf4+ 38. Kg1 Qc1+ 39. Kf2 Qd2+ 40. Kg3 Qg5+ 41. Kf2 Qd2+ 1/2-1/2

[Event "Balkan-ch U10"]
[Site "Tornelo INT"]
[Date "2020.11.01"]
[Round "6"]
[White "Kisic, Jovan"]
[Black "Gkavardinas, Antonios"]
[Result "0-1"]
[WhiteElo "1653"]
[BlackElo "1211"]
[PlyCount "92"]
[EventDate "2020.10.31"]
[EventType "swiss"]
[EventRounds "7"]
[EventCountry "NET"]
[SourceTitle "EXT 2023"]
[Source "ChessBase"]
[SourceDate "2022.10.05"]
[SourceVersion "1"]
[SourceVersionDate "2022.10.05"]
[SourceQuality "1"]

1. Nf3 Nf6 2. g3 d5 3. d4 c5 4. c3 Nc6 5. Bg2 Bf5 6. 0-0 e6 7. Na3 cxd4 8. cxd4 Bxa3 9. bxa3 0-0 10. Bf4 Na5 11. Ne5 Nd7 12. Qa4 Nxe5 13. dxe5 a6 14. e4 dxe4 15. Bxe4 b5 16. Qb4 Bxe4 17. Qxe4 Rc8 18. Rfd1 Qe7 19. Rd6 Nb7 20. Rb6 Nc5 21. Qe3 h6 22. h4 Rfd8 23. Rd6 Na4 24. Rc1 Qb7 25. Qd2 Rxc1+ 26. Qxc1 Rc8 27. Qd2 Qf3 28. Qe3 Qb7 29. Qd2 Qf3 30. Qe3 Qa8 31. Rd7 Nc3 32. Qd2 Qe4 33. Rxf7 Ne2+ 34. Kh2 Nd4 35. Be3 Kxf7 36. Qxd4 Qxd4 37. Bxd4 Rc2 38. Kg2 Rxa2 39. Bc5 a5 40. Kf3 Rb2 41. Ke4 Rc2 42. Bd4 b4 43. axb4 axb4 44. Kd3 b3 45. f4 h5 46. Bc3 Rg2 0-1

[Event "Balkan-ch U10"]
[Site "Tornelo INT"]
[Date "2020.11.01"]
[Round "5"]
[White "Kisic, Jovan"]
[Black "Ivanov, Andrey6666"]
[Result "1/2-1/2"]
[WhiteElo "1653"]
[BlackElo "1261"]
[PlyCount "104"]
[EventDate "2020.10.31"]
[EventType "swiss"]
[EventRounds "7"]
[EventCountry "NET"]
[SourceTitle "EXT 2023"]
[Source "ChessBase"]
[SourceDate "2022.10.05"]
[SourceVersion "1"]
[SourceVersionDate "2022.10.05"]
[SourceQuality "1"]

1. d4 d5 2. Nf3 e6 3. Bf4 Nf6 4. e3 c5 5. c3 Qb6 6. Qb3 Nc6 7. Bb5 c4 8. Bxc6+ Qxc6 9. Qc2 Bd7 10. Nbd2 Bd6 11. Ne5 Bxe5 12. Bxe5 Ne4 13. Nxe4 dxe4 14. Qe2 f6 15. Bg3 Ke7 16. f3 a6 17. Rf1 g5 18. f4 Qb5 19. fxg5 Qxg5 20. Rf4 Qd5 21. Bh4 Rhf8 22. Qf2 Kd6 23. Bxf6 Kc6 24. Be7 Rxf4 25. Qxf4 Rg8 26. g3 b6 27. 0-0-0 Re8 28. Ba3 Kb7 29. Rf1 Qf5 30. g4 Qxf4 31. Rxf4 Rg8 32. Rxe4 Bc6 33. Rf4 h5 34. gxh5 Rg1+ 35. Kd2 Rg2+ 36. Ke1 Rxh2 37. Rf7+ Kc8 38. Bd6 Rh1+ 39. Kf2 Be4 40. Rc7+ Kd8 41. Rxc4 Rxh5 42. Kg3 b5 43. Rc5 Rd5 44. Rxd5 exd5 45. Kf4 Bb1 46. a3 Ba2 47. Ke5 Kd7 48. Bb4 Kc6 49. Ba5 Kd7 50. Bb4 Bc4 51. e4 dxe4 52. Kxe4 Ke6 1/2-1/2

[Event "Balkan-ch U10"]
[Site "Tornelo INT"]
[Date "2020.11.01"]
[Round "7"]
[White "Lafkidis, Apostolos"]
[Black "Kisic, Jovan"]
[Result "1/2-1/2"]
[WhiteElo "1318"]
[BlackElo "1653"]
[PlyCount "47"]
[EventDate "2020.10.31"]
[EventType "swiss"]
[EventRounds "7"]
[EventCountry "NET"]
[SourceTitle "EXT 2023"]
[Source "ChessBase"]
[SourceDate "2022.10.05"]
[SourceVersion "1"]
[SourceVersionDate "2022.10.05"]
[SourceQuality "1"]

1. e4 c6 2. d4 d5 3. exd5 cxd5 4. Bd3 Nf6 5. c3 Nc6 6. Bf4 e6 7. Nf3 Bd6 8. Qd2 0-0 9. 0-0 Qc7 10. Bxd6 Qxd6 11. Re1 h6 12. Ne5 Qe7 13. Qf4 g5 14. Qg3 Nxe5 15. Rxe5 Nd7 16. Re1 Qf6 17. Nd2 Qf4 18. Qxf4 gxf4 19. Nf3 Kg7 20. Ne5 f6 21. Nxd7 Bxd7 22. Re2 Rae8 23. Rae1 Re7 24. g3 1/2-1/2

[Event "Balkan-ch U10"]
[Site "Tornelo INT"]
[Date "2020.10.31"]
[Round "4"]
[White "Boci, Mateo"]
[Black "Kisic, Jovan"]
[Result "0-1"]
[WhiteElo "1257"]
[BlackElo "1653"]
[PlyCount "54"]
[EventDate "2020.10.31"]
[EventType "swiss"]
[EventRounds "7"]
[EventCountry "NET"]
[SourceTitle "EXT 2023"]
[Source "ChessBase"]
[SourceDate "2022.10.05"]
[SourceVersion "1"]
[SourceVersionDate "2022.10.05"]
[SourceQuality "1"]

1. e4 c6 2. d4 d5 3. exd5 cxd5 4. c3 Nc6 5. Bd3 Nf6 6. Nf3 Bg4 7. h3 Bh5 8. 0-0 e6 9. Re1 Be7 10. Bf4 0-0 11. Nbd2 Qb6 12. Qc2 Rac8 13. Be5 Nb4 14. Qb1 Nxd3 15. Qxd3 Bg6 16. Qe2 Qxb2 17. Ne4 Qxe2 18. Nxf6+ gxf6 19. Rxe2 fxe5 20. Nxe5 Rxc3 21. Kh2 Bd6 22. g3 Bxe5 23. dxe5 d4 24. Rd2 d3 25. Kg2 Rc2 26. Rdd1 d2 27. h4 Rfc8 0-1

[Event "Belgrade-chT"]
[Site "Belgrade"]
[Date "2020.10.12"]
[Round "8.3"]
[White "Kisic, Jovan"]
[Black "Lazic, Ljubisa V"]
[Result "0-1"]
[WhiteElo "2099"]
[BlackElo "2176"]
[PlyCount "166"]
[EventDate "2020.10.04"]
[EventType "team-tourn"]
[EventRounds "9"]
[EventCountry "SRB"]
[SourceTitle "EXT 2022"]
[Source "ChessBase"]
[SourceDate "2021.10.06"]
[SourceVersion "1"]
[SourceVersionDate "2021.10.06"]
[SourceQuality "1"]
[WhiteTeam "Grocka Pobednik"]
[BlackTeam "Belgrade Radnicki"]
[WhiteTeamCountry "SRB"]
[BlackTeamCountry "SRB"]

1. d4 Nc6 2. Nf3 g6 3. c3 Bg7 4. Bf4 d6 5. e3 Nf6 6. h3 0-0 7. d5 Nb8 8. Bc4 Nbd7 9. 0-0 a5 10. Re1 Nb6 11. b3 Nxc4 12. bxc4 Ne4 13. Nd4 a4 14. Qc2 Nc5 15. Na3 e6 16. Bh2 e5 17. Nf3 f5 18. Kh1 g5 19. Ng1 f4 20. f3 Bf5 21. e4 Bd7 22. g4 fxg3 23. Bxg3 b6 24. Re2 Be8 25. Rf2 Bg6 26. Qe2 Nd7 27. Nc2 Nf6 28. Qd2 Nh5 29. Bh2 h6 30. Rg2 Kh7 31. Ne3 Bf6 32. Ng4 Be7 33. a3 Qd7 34. Ra2 Rg8 35. Qe1 Raf8 36. Raf2 Qd8 37. Qd1 Qa8 38. Qd2 Nf4 39. Bxf4 gxf4 40. Qd1 h5 41. Nh2 Bh4 42. Rb2 Qa6 43. Rb4 Be8 44. Rxg8 Rxg8 45. Qf1 Qa5 46. Ne2 Qc5 47. Qc1 Bd7 48. Qf1 Qe3 49. Rb2 Qd3 50. c5 dxc5 51. Rb1 Bb5 52. Ng1 Qxf1 53. Nxf1 Bd7 54. Rb2 Be1 55. Rc2 Rg6 56. Kh2 Kg7 57. Rc1 Bf2 58. Ne2 Kf6 59. Rc2 Bh4 60. c4 Ke7 61. Rb2 Kd6 62. Rb1 Bf2 63. Rb2 Bd4 64. Rb1 Rg8 65. Nd2 Bf2 66. Nf1 Rb8 67. Kg2 Bd4 68. Nd2 b5 69. cxb5 Rxb5 70. Nc4+ Ke7 71. Rc1 Kf6 72. Rc2 Rb3 73. Nc1 Rc3 74. Rxc3 Bxc3 75. Ne2 Bd4 76. Nc1 Bb5 77. Na5 Bb2 78. Na2 Bxa3 79. Nb7 Bb4 80. d6 cxd6 81. Nxd6 Bd7 82. Nb7 Be6 83. Nc1 a3 0-1

[Event "Belgrade-chT"]
[Site "Belgrade"]
[Date "2020.10.11"]
[Round "7.3"]
[White "Stanic, Aleksandar"]
[Black "Kisic, Jovan"]
[Result "1/2-1/2"]
[WhiteElo "2128"]
[BlackElo "2099"]
[PlyCount "131"]
[EventDate "2020.10.04"]
[EventType "team-tourn"]
[EventRounds "9"]
[EventCountry "SRB"]
[SourceTitle "EXT 2022"]
[Source "ChessBase"]
[SourceDate "2021.10.06"]
[SourceVersion "1"]
[SourceVersionDate "2021.10.06"]
[SourceQuality "1"]
[WhiteTeam "Belgrade PTT"]
[BlackTeam "Grocka Pobednik"]
[WhiteTeamCountry "SRB"]
[BlackTeamCountry "SRB"]

1. d4 Nf6 2. Bg5 d5 3. Bxf6 exf6 4. e3 Bd6 5. c4 dxc4 6. Bxc4 0-0 7. Nc3 c6 8. Nf3 a5 9. a4 Na6 10. 0-0 Nc7 11. h3 Rb8 12. Bd3 g6 13. Qc2 Ne6 14. Rac1 Ng7 15. Rfd1 Qe7 16. Ne4 Bb4 17. Ng3 Bd6 18. Ne4 Bb4 19. Nc5 Ne6 20. Nb3 Bd7 21. Bf1 Rfc8 22. Qb1 Kg7 23. Nbd2 Nc7 24. Bd3 Nd5 25. Nf1 Nb6 26. Qa1 Be6 27. N1d2 Rd8 28. Nc4 Nd5 29. Nfd2 c5 30. Nb3 cxd4 31. Nxd4 Nf4 32. Bf1 Nd5 33. g3 Nc7 34. b3 Kg8 35. Rc2 Bd5 36. Bd3 Na6 37. Nb6 Be4 38. Bxe4 Qxe4 39. Rdc1 Bd6 40. Ne2 Be5 41. Qa3 Rd1+ 42. Rxd1 Qxc2 43. Re1 Nb4 44. Nd4 Bxd4 45. exd4 Qc6 46. Nc4 Nc2 47. Qc1 Nxe1 48. Qxe1 b6 49. Qd1 Rd8 50. Ne3 Qd6 51. d5 Qe5 52. Qc1 Rxd5 53. Nxd5 Qxd5 54. Qe3 Qe6 55. Qc3 Kg7 56. h4 Qd5 57. Kh2 Qe4 58. Kg1 h6 59. Kh2 g5 60. hxg5 hxg5 61. Kg1 g4 62. Kh2 Qe6 63. Kg1 Kg6 64. Kh2 f5 65. Kg1 Qf6 66. Qe3 1/2-1/2

[Event "Belgrade-chT"]
[Site "Belgrade"]
[Date "2020.10.06"]
[Round "3.3"]
[White "Kisic, Jovan"]
[Black "Biocanin, Goran"]
[Result "0-1"]
[WhiteElo "2099"]
[BlackElo "2239"]
[PlyCount "74"]
[EventDate "2020.10.04"]
[EventType "team-tourn"]
[EventRounds "9"]
[EventCountry "SRB"]
[SourceTitle "EXT 2022"]
[Source "ChessBase"]
[SourceDate "2021.10.06"]
[SourceVersion "1"]
[SourceVersionDate "2021.10.06"]
[SourceQuality "1"]
[WhiteTeam "Grocka Pobednik"]
[BlackTeam "Belgrade"]
[WhiteTeamCountry "SRB"]
[BlackTeamCountry "SRB"]

1. d4 e6 2. c4 f5 3. Nc3 Nf6 4. Nf3 c6 5. Bf4 d5 6. e3 Be7 7. cxd5 exd5 8. Bd3 0-0 9. Qb3 Kh8 10. Ne5 Nbd7 11. h3 Nxe5 12. Bxe5 Ne4 13. Qc2 Bd6 14. Bxd6 Qxd6 15. 0-0-0 Nxc3 16. Qxc3 f4 17. e4 f3 18. g3 dxe4 19. Bxe4 Be6 20. b3 a5 21. Qc5 Qd7 22. Kb2 a4 23. Rd3 a3+ 24. Ka1 Bd5 25. Bxd5 cxd5 26. Qb4 Qf5 27. Rd2 Rfc8 28. Qxb7 Qxh3 29. Re1 Qe6 30. Rdd1 Qf5 31. Rd2 Qe4 32. Red1 h6 33. g4 Qf4 34. Rc2 Rxc2 35. Qxa8+ Kh7 36. Qxa3 Rxf2 37. b4 Re2 0-1

[Event "Belgrade-chT"]
[Site "Belgrade"]
[Date "2020.10.05"]
[Round "2.3"]
[White "Radic, Rajko"]
[Black "Kisic, Jovan"]
[Result "1/2-1/2"]
[WhiteElo "2064"]
[BlackElo "2099"]
[PlyCount "40"]
[EventDate "2020.10.04"]
[EventType "team-tourn"]
[EventRounds "9"]
[EventCountry "SRB"]
[SourceTitle "EXT 2022"]
[Source "ChessBase"]
[SourceDate "2021.10.06"]
[SourceVersion "1"]
[SourceVersionDate "2021.10.06"]
[SourceQuality "1"]
[WhiteTeam "Bogoslov"]
[BlackTeam "Grocka Pobednik"]
[WhiteTeamCountry "SRB"]
[BlackTeamCountry "SRB"]

1. d4 Nf6 2. c4 c5 3. Nf3 cxd4 4. Nxd4 Nc6 5. Nc3 g6 6. g3 Bg7 7. Bg2 0-0 8. 0-0 Qb6 9. Nb3 d6 10. Nd5 Nxd5 11. cxd5 Ne5 12. Be3 Qa6 13. Bd4 Bd7 14. Nd2 Rac8 15. h3 Rc7 16. Re1 Rfc8 17. Nf3 Nxf3+ 18. exf3 Bf5 19. Bxg7 Kxg7 20. Qd4+ Kg8 1/2-1/2

[Event "EU-ch Online U12"]
[Site "Tornelo INT"]
[Date "2020.09.20"]
[Round "7"]
[White "Kisic, Jovan"]
[Black "Boci, Mateo"]
[Result "1-0"]
[WhiteElo "1653"]
[BlackElo "1257"]
[PlyCount "57"]
[EventDate "2020.09.18"]
[EventType "swiss (rapid)"]
[EventRounds "9"]
[EventCountry "NET"]
[SourceTitle "EXT 2023"]
[Source "ChessBase"]
[SourceDate "2022.10.05"]
[SourceVersion "1"]
[SourceVersionDate "2022.10.05"]
[SourceQuality "1"]
[WhiteTeam "Serbia"]
[BlackTeam "Albania"]
[WhiteTeamCountry "SRB"]
[BlackTeamCountry "ALB"]

1. e4 e6 2. d4 d5 3. exd5 exd5 4. Nf3 Nf6 5. Bd3 Bd6 6. 0-0 0-0 7. h3 Be6 8. b3 c6 9. a4 Nbd7 10. Bb2 Ne4 11. Bxe4 dxe4 12. Ne5 Qg5 13. Qd2 Qxd2 14. Nxd2 Rad8 15. Nxe4 Bxe5 16. dxe5 Bf5 17. Rfe1 Nb6 18. Ba3 Rfe8 19. Nd6 Bxc2 20. Nxe8 Rxe8 21. Bc5 Bxb3 22. a5 Nd7 23. Bxa7 Nxe5 24. f4 f6 25. fxe5 fxe5 26. Rab1 Bd5 27. Rxb7 h6 28. Rb8 Rxb8 29. Bxb8 1-0

[Event "EU-ch Online U12"]
[Site "Tornelo INT"]
[Date "2020.09.20"]
[Round "8"]
[White "Papaioannou, Dimitrios1111"]
[Black "Kisic, Jovan"]
[Result "1-0"]
[WhiteElo "1047"]
[BlackElo "1653"]
[PlyCount "101"]
[EventDate "2020.09.18"]
[EventType "swiss (rapid)"]
[EventRounds "9"]
[EventCountry "NET"]
[SourceTitle "EXT 2023"]
[Source "ChessBase"]
[SourceDate "2022.10.05"]
[SourceVersion "1"]
[SourceVersionDate "2022.10.05"]
[SourceQuality "1"]
[WhiteTeam "Greece"]
[BlackTeam "Serbia"]
[WhiteTeamCountry "GRE"]
[BlackTeamCountry "SRB"]

1. e4 c6 2. d4 d5 3. e5 Bf5 4. g4 Bd7 5. Nc3 e6 6. Be3 a6 7. Nf3 Bb4 8. Bd3 Qa5 9. 0-0 c5 10. dxc5 Bxc5 11. Bxc5 Qxc5 12. Qd2 Ne7 13. Qg5 Ng6 14. Ne2 Nc6 15. c3 Qe7 16. Qxe7+ Ngxe7 17. Nf4 g6 18. h4 Rc8 19. Rac1 Na5 20. Kg2 Bb5 21. Bxb5+ axb5 22. Nd4 Nc4 23. Nd3 Nc6 24. Nxb5 Ke7 25. Rfe1 Ra8 26. b3 Nb6 27. a4 Nc8 28. Nd4 N8a7 29. Nb4 Nxb4 30. cxb4 Rac8 31. Kf3 h6 32. Ke3 g5 33. h5 Kd7 34. Kd3 Nc6 35. Nxc6 bxc6 36. Rc5 Rb8 37. b5 cxb5 38. axb5 Rhc8 39. Rec1 Rxc5 40. Rxc5 Rb7 41. Kd4 Rb8 42. Kc3 f6 43. exf6 Kd6 44. Rc6+ Ke5 45. f7 Rf8 46. Rc7 Kd6 47. b6 Rb8 48. Kd3 e5 49. f3 Rf8 50. Ra7 Rb8 51. b7 1-0

[Event "EU-ch Online U12"]
[Site "Tornelo INT"]
[Date "2020.09.18"]
[Round "2"]
[White "Zverev, Lev"]
[Black "Kisic, Jovan"]
[Result "1/2-1/2"]
[WhiteElo "2007"]
[BlackElo "1653"]
[PlyCount "112"]
[EventDate "2020.09.18"]
[EventType "swiss (rapid)"]
[EventRounds "9"]
[EventCountry "NET"]
[SourceTitle "EXT 2023"]
[Source "ChessBase"]
[SourceDate "2022.10.05"]
[SourceVersion "1"]
[SourceVersionDate "2022.10.05"]
[SourceQuality "1"]
[WhiteTeam "Russia"]
[BlackTeam "Serbia"]
[WhiteTeamCountry "RUS"]
[BlackTeamCountry "SRB"]

1. e4 c6 2. d4 d5 3. e5 Bf5 4. Nd2 e6 5. Nb3 h6 6. Nf3 Nd7 7. Be2 Bh7 8. 0-0 Ne7 9. Re1 c5 10. Nxc5 Nxc5 11. dxc5 Nc6 12. c3 Bxc5 13. b4 Be7 14. Bb2 0-0 15. Bd3 Bxd3 16. Qxd3 d4 17. a3 dxc3 18. Qxc3 Rc8 19. Rad1 Qb6 20. Qb3 Rcd8 21. Qa4 a5 22. b5 Na7 23. Rb1 Qxb5 24. Qxb5 Nxb5 25. a4 Na3 26. Bxa3 Bxa3 27. Rxb7 Bb4 28. Rc1 Rd3 29. h3 Ra3 30. Rcc7 Rxa4 31. Nh4 Bc3 32. Ng6 Ra1+ 33. Kh2 Bd4 34. g3 Rf1 35. Nxf8 Rxf2+ 36. Kh1 Rf1+ 37. Kg2 Rf2+ 38. Kh1 Rf1+ 39. Kh2 Rf2+ 40. Kh1 Rf1+ 41. Kh2 Rf2+ 42. Kh1 Rf1+ 43. Kg2 Rf2+ 44. Kh1 Rf1+ 45. Kh2 Rf2+ 46. Kg1 Rf3+ 47. Kh1 Rf1+ 48. Kg2 Rf2+ 49. Kg1 Rf3+ 50. Kg2 Rf2+ 51. Kg1 Rf3+ 52. Kg2 Rf2+ 53. Kg1 Rf3+ 54. Kg2 Rf2+ 55. Kg1 Rf3+ 56. Kg2 Rf2+ 1/2-1/2

[Event "Battle of Senta op 24th"]
[Site "Senta"]
[Date "2020.07.11"]
[Round "1"]
[White "Tirelli, Mauro"]
[Black "Kisic, Jovan"]
[Result "0-1"]
[WhiteElo "2187"]
[BlackElo "1903"]
[PlyCount "102"]
[EventDate "2020.07.11"]
[EventType "swiss"]
[EventRounds "9"]
[EventCountry "SRB"]
[SourceTitle "CBM 197 Extra"]
[Source "ChessBase"]
[SourceDate "2020.09.30"]
[SourceVersion "1"]
[SourceVersionDate "2020.09.30"]
[SourceQuality "1"]

1. c4 e5 2. Nc3 Bb4 3. g3 Bxc3 4. bxc3 d6 5. Bg2 Nc6 6. d3 Nge7 7. Nf3 0-0 8. 0-0 Bd7 9. Rb1 Rb8 10. Ne1 a6 11. Nc2 Qc8 12. Re1 b5 13. cxb5 axb5 14. Nb4 Nxb4 15. cxb4 Bc6 16. e4 Qe6 17. Qb3 Bd7 18. Bg5 f6 19. Be3 Qxb3 20. Rxb3 Be6 21. Rc3 c6 22. a3 h6 23. d4 exd4 24. Bxd4 Bc4 25. a4 Rfc8 26. Bh3 Rc7 27. Be3 g5 28. Rd1 Bf7 29. Rxd6 bxa4 30. Bc5 Kg7 31. Rf3 Re8 32. Bd4 Ng8 33. Bf5 Rb7 34. Bc3 Rc7 35. Rfd3 g4 36. Rd7 Rxd7 37. Rxd7 h5 38. Rd6 a3 39. Kf1 a2 40. e5 fxe5 41. Rxc6 Nf6 42. b5 Nd5 43. Ba1 Nb4 44. Rc5 Kf6 45. Be4 Bg6 46. Bxg6 Kxg6 47. Ke2 Rd8 48. b6 Rb8 49. Kd2 Rxb6 50. Bxe5 Rd6+ 51. Ke2 Re6 0-1